| 000 | 00349nam a2200133Ia 4500 | ||
|---|---|---|---|
| 008 | 130318s9999 xx 000 0 und d | ||
| 020 | _a9788120326088 | ||
| 082 | _a351 SAT/E | ||
| 100 | _aSatyanarayana, J | ||
| 245 | _aE-government: The science of the possible | ||
| 260 |
_bPrentice Hall _aNew Delhi _c2004 |
||
| 300 | _a298 | ||
| 650 | _aE-GOVERNANCE | ||
| 999 |
_c1491 _d1491 |
||